000 00307nam a2200121 a 4500
005 20141022142001.0
008 100914s19uu xx 00 eng d
050 _aDVD
_bB27 2005
100 _aBaron, James
245 _aBuilding Personal Networks.
260 _bStandford University,
_c2005.
942 _cAVM
999 _c276245
_d276245